000 00207 a2200097 4500
001 20003
100 _aBeiser, A
245 _aConcept of modern physics
260 _a
_bMcgraw-Hill
_c
090 _c14597
_d14597
942 _aNUST-CAE
_cM
_c5110
999 _c255076
_d255076